00516 2200205 4500001002100000005001500021008004100036020002200077035001900099041000700118082000800125090001400133100001800147245003800165250000600203260003100209300003300240500001100273650002600284INLIS00000000000147620241224112346241224||||||||| | ||| |||| || |  a978-979-3288-27-7 0010-1224001476 aid0 a616 a616 ILY g0 aSidarta Ilyas00aGlaukoma Tekanan Bola Mata Tinggi a3 aJakartabSagung Setoc2007 aviii, 185 hlm.; ilus.: 20 cm aCet. 1 0akesehatan -- Penyakit